[Event "Foxwoods op 16th"]
[Site "Ledyard"]
[Date "2024.03.28"]
[Round "3"]
[White "Zeltsan, Joseph"]
[Black "Burke, John M"]
[Result "0-1"]
[WhiteElo "2419"]
[BlackElo "2574"]
[PlyCount "106"]
[EventDate "2024.03.27"]
[EventType "swiss"]
[EventRounds "9"]
[EventCountry "USA"]
[SourceTitle "CB14_2024"]
[SourceDate "2024.04.01"]
[SourceVersion "1"]
[SourceVersionDate "2024.04.01"]
[SourceQuality "1"]

1. e4 e5 2. Nf3 Nc6 3. Bb5 a6 4. Ba4 Nf6 5. 0-0 Be7 6. d3 b5 7. Bb3 d6 8. a3 0-0 9. Nc3 Rb8 10. Nd5 Nxd5 11. exd5 Na5 12. Ba2 Bg4 13. b4 Nb7 14. Bb2 f5 15. Re1 Bf6 16. Rc1 Qe8 17. h3 Bh5 18. c4 Qg6 19. Bb1 e4 20. dxe4 Bxb2 21. exf5 Qh6 22. Rc2 Bxa3 23. g4 Bxb4 24. Re6 Qf4 25. gxh5 Qxf5 26. Nh2 Qxh3 27. cxb5 Bc5 28. Qg4 Qb3 29. Re7 Qxb1+ 30. Kg2 Qa1 31. h6 Qf6 32. Re6 Qd4 33. bxa6 Qxg4+ 34. Nxg4 Nd8 35. Re7 Nf7 36. hxg7 Kxg7 37. Rxc7 Rb4 38. Nh2 Ra4 39. Nf3 h6 40. Re2 Rxa6 41. Nh4 Ra7 42. Rxa7 Bxa7 43. Nf5+ Kg6 44. Ne7+ Kg5 45. f4+ Kg4 46. Re6 Bc5 47. f5 Ra8 48. Rg6+ Ng5 49. f6 Ra2+ 50. Kf1 Kf3 51. Ke1 Ne4 52. Kd1 Nc3+ 53. Kc1 Be3# 0-1

[Event "Titled Tuesday intern op 12th Mar Late"]
[Site "Chess.com INT"]
[Date "2024.03.12"]
[Round "1"]
[White "Shevchuk, Olexandr"]
[Black "Zeltsan, Joseph"]
[Result "0-1"]
[WhiteElo "2093"]
[BlackElo "2419"]
[PlyCount "56"]
[EventDate "2024.03.12"]
[EventType "swiss (blitz)"]
[EventRounds "11"]
[EventCountry "USA"]
[SourceTitle "CB12_2024"]
[SourceDate "2023.10.01"]
[SourceVersion "1"]
[SourceVersionDate "2023.10.01"]
[SourceQuality "1"]

1. d4 Nf6 2. Nf3 e6 3. c4 d5 4. g3 dxc4 5. Ne5 Qd5 6. Nf3 c5 7. Nc3 Qd8 8. Qa4+ Bd7 9. Qxc4 cxd4 10. Nxd4 Nc6 11. Bg2 Rc8 12. 0-0 Qb6 13. Nxc6 Bxc6 14. Bxc6+ Rxc6 15. Qf4 Bd6 16. Qe3 Qa6 17. Bd2 0-0 18. a3 Rfc8 19. b4 Rxc3 20. Bxc3 Nd5 21. Qd2 Nxc3 22. e3 Be5 23. Rac1 g6 24. Rc2 Qxa3 25. Rfc1 Qxb4 26. Qd7 Rc7 27. Qd8+ Qf8 28. Qd3 b5 0-1

[Event "New York Marshall 03"]
[Site "New York"]
[Date "2024.03.03"]
[Round "5"]
[White "Zhu, Linxi"]
[Black "Zeltsan, Joseph"]
[Result "0-1"]
[WhiteElo "1981"]
[BlackElo "2419"]
[PlyCount "64"]
[EventDate "2024.03.01"]
[EventType "swiss"]
[EventRounds "5"]
[EventCountry "USA"]
[SourceTitle "CB10_2024"]
[SourceDate "2024.03.06"]
[SourceVersion "1"]
[SourceVersionDate "2024.03.06"]
[SourceQuality "1"]

1. e4 c5 2. Nf3 d6 3. d4 cxd4 4. Nxd4 Nf6 5. Nc3 a6 6. h3 e6 7. g4 h6 8. Bg2 Be7 9. h4 Nc6 10. g5 hxg5 11. hxg5 Rxh1+ 12. Bxh1 Nd7 13. Nxc6 bxc6 14. Qh5 g6 15. Qh8+ Nf8 16. Qh6 e5 17. Be3 Ne6 18. 0-0-0 Bxg5 19. Qh8+ Nf8 20. f4 Bf6 21. Qg8 Qe7 22. f5 Bg5 23. Bxg5 Qxg5+ 24. Kb1 Ke7 25. Bf3 Qf6 26. Rh1 Bb7 27. Be2 d5 28. exd5 cxd5 29. Bf3 e4 30. Bg2 Nd7 31. Qh7 gxf5 32. Rd1 Rh8 0-1

[Event "New York Marshall op"]
[Site "New York"]
[Date "2024.01.07"]
[Round "5"]
[White "Zeltsan, Joseph"]
[Black "Li, Michael2"]
[Result "1-0"]
[WhiteElo "2439"]
[BlackElo "2016"]
[PlyCount "63"]
[EventDate "2024.01.05"]
[EventType "swiss"]
[EventRounds "5"]
[EventCountry "USA"]
[SourceTitle "CB02_2024"]
[SourceDate "2024.01.10"]
[SourceVersion "1"]
[SourceVersionDate "2024.01.10"]
[SourceQuality "1"]

1. Nf3 d5 2. g3 g6 3. Bg2 Bg7 4. d4 Nf6 5. 0-0 0-0 6. c4 c6 7. cxd5 Nxd5 8. e4 Nb6 9. h3 N8d7 10. Nc3 e5 11. Bg5 Qe8 12. d5 Nf6 13. Qb3 cxd5 14. exd5 Bf5 15. Rfe1 Nfd7 16. g4 Bd3 17. Rad1 Bc4 18. Qa3 f5 19. Nd2 Ba6 20. d6 fxg4 21. hxg4 Qf7 22. Nce4 h6 23. Qh3 Nc5 24. Nxc5 Qxf2+ 25. Kh1 Qxc5 26. Ne4 Qb4 27. Bxh6 Rf7 28. Ng5 Rd7 29. Bxg7 Rxg7 30. d7 Rd8 31. Rxe5 Qf8 32. Re6 1-0

[Event "Chesterfield SPICE Cup op"]
[Site "Chesterfield"]
[Date "2023.12.19"]
[Round "5"]
[White "Zeltsan, Joseph"]
[Black "Balakrishnan, Praveen"]
[Result "1-0"]
[WhiteElo "2415"]
[BlackElo "2505"]
[PlyCount "75"]
[EventDate "2023.12.17"]
[EventType "swiss"]
[EventRounds "9"]
[EventCountry "USA"]
[SourceTitle "CB52_2023"]
[SourceDate "2023.12.27"]
[SourceVersion "1"]
[SourceVersionDate "2023.12.27"]
[SourceQuality "1"]

1. e4 c5 2. Nf3 d6 3. d4 cxd4 4. Nxd4 Nf6 5. Nc3 a6 6. Bg5 e6 7. f4 Qb6 8. Qd3 Qxb2 9. Rb1 Qa3 10. f5 Qa5 11. Bxf6 gxf6 12. Qc4 Kd8 13. fxe6 fxe6 14. Be2 b5 15. Qd3 Ra7 16. Bg4 Rc7 17. Rb3 e5 18. Nf5 Bxf5 19. Bxf5 Nc6 20. 0-0 Nd4 21. Nd5 Nxb3 22. axb3 Qa3 23. Kh1 Qc5 24. Nxc7 Kxc7 25. Ra1 Qd4 26. Qf1 Kb7 27. c3 Qc5 28. Be6 Be7 29. Bd5+ Kb6 30. b4 Qe3 31. Rxa6+ Kc7 32. Rc6+ Kd8 33. Be6 Ke8 34. Rc8+ Bd8 35. Qxb5+ Kf8 36. Rxd8+ Kg7 37. Rd7+ Kg6 38. Qf1 1-0

[Event "US Masters op"]
[Site "Charlotte"]
[Date "2023.11.24"]
[Round "5"]
[White "Bruzon Batista, Lazaro"]
[Black "Zeltsan, Joseph"]
[Result "1/2-1/2"]
[WhiteElo "2606"]
[BlackElo "2421"]
[PlyCount "43"]
[EventDate "2023.11.22"]
[EventType "swiss"]
[EventRounds "9"]
[EventCountry "USA"]
[SourceTitle "CB48_2023"]
[SourceDate "2023.11.29"]
[SourceVersion "1"]
[SourceVersionDate "2023.11.29"]
[SourceQuality "1"]

1. d4 Nf6 2. Bg5 d5 3. Nd2 Nbd7 4. Ngf3 b6 5. e3 Bb7 6. Ne5 a6 7. f4 e6 8. Bd3 Be7 9. Qf3 0-0 10. h4 Ne8 11. Qh5 Ndf6 12. Bxf6 Nxf6 13. Qf3 Nd7 14. h5 c5 15. c3 Nxe5 16. fxe5 h6 17. 0-0 a5 18. Qe2 Qc8 19. Rac1 Ba6 20. c4 Qd7 21. Bb1 Bg5 22. Qd3 1/2-1/2

[Event "Titled Tuesday intern op 24th Oct Late"]
[Site "Chess.com INT"]
[Date "2023.10.24"]
[Round "10"]
[White "Klukin, Kirill"]
[Black "Zeltsan, Joseph"]
[Result "1-0"]
[WhiteElo "2390"]
[BlackElo "2421"]
[PlyCount "85"]
[EventDate "2023.10.24"]
[EventType "swiss (blitz)"]
[EventRounds "11"]
[EventCountry "USA"]
[SourceTitle "Mega2024 Update 01"]
[Source "Chessbase"]
[SourceDate "2023.11.12"]
[SourceVersion "1"]
[SourceVersionDate "2023.11.12"]
[SourceQuality "1"]

1. d4 Nf6 2. c4 e6 3. Nc3 Bb4 4. e3 0-0 5. Bd2 c6 6. Nf3 d5 7. Bd3 b6 8. 0-0 Bb7 9. Qc2 Nbd7 10. a3 Bxc3 11. Bxc3 dxc4 12. Bxc4 c5 13. Rfd1 Qe7 14. dxc5 Nxc5 15. Bb4 Rac8 16. Qe2 Nfe4 17. Rac1 Nd6 18. Ba2 Ba6 19. Qd2 Nde4 20. Qe1 Qf6 21. Bb1 Rfe8 22. Nd4 e5 23. Ne2 Rcd8 24. Nc3 Nxc3 25. Qxc3 Rc8 26. Qe1 e4 27. Bxc5 bxc5 28. Qc3 Qb6 29. h3 g6 30. Rd2 Rcd8 31. Rxd8 Rxd8 32. Bxe4 c4 33. Bf3 Rb8 34. Rc2 h5 35. Rd2 Rd8 36. Rxd8+ Qxd8 37. Qd4 Qb8 38. Bd5 Qb5 39. g4 hxg4 40. hxg4 c3 41. bxc3 Qf1+ 42. Kh2 Qxf2+ 43. Bg2 1-0

[Event "Titled Tuesday intern op 24th Oct Late"]
[Site "Chess.com INT"]
[Date "2023.10.24"]
[Round "1"]
[White "Zeltsan, Joseph"]
[Black "Vila Dupla, Aurelio"]
[Result "0-1"]
[WhiteElo "2421"]
[BlackElo "2030"]
[PlyCount "110"]
[EventDate "2023.10.24"]
[EventType "swiss (blitz)"]
[EventRounds "11"]
[EventCountry "USA"]
[SourceTitle "Mega2024 Update 01"]
[Source "Chessbase"]
[SourceDate "2023.11.12"]
[SourceVersion "1"]
[SourceVersionDate "2023.11.12"]
[SourceQuality "1"]

1. e4 c5 2. Nf3 d6 3. d4 cxd4 4. Nxd4 Nf6 5. Nc3 g6 6. Be3 Bg7 7. f3 0-0 8. Qd2 Nc6 9. 0-0-0 Nxd4 10. Bxd4 Be6 11. h4 Qa5 12. a3 Rfc8 13. h5 Bc4 14. g4 Bxf1 15. Rdxf1 Rc4 16. hxg6 hxg6 17. g5 Rxd4 18. Qxd4 Nh5 19. Qb4 Qxb4 20. axb4 Ng3 21. Nd5 Nxf1 22. Rxf1 Kf8 23. f4 e6 24. Nf6 Ke7 25. e5 Bxf6 26. gxf6+ Kd7 27. Rd1 d5 28. Rh1 Kc6 29. Rh7 Rf8 30. Kd2 d4 31. Kd3 Kd5 32. c4+ dxc3 33. bxc3 b5 34. Rh1 g5 35. Ra1 gxf4 36. Rxa7 Kxe5 37. Rb7 Kxf6 38. Rxb5 e5 39. Ke4 Re8 40. c4 Kg5 41. Rb7 f5+ 42. Kd5 f3 43. Rg7+ Kf4 44. Rg1 f2 45. Rf1 Kf3 46. c5 Ke2 47. Rh1 f1Q 48. Rxf1 Kxf1 49. c6 e4 50. c7 e3 51. b5 e2 52. b6 e1Q 53. b7 Qa5+ 54. Kc6 Qxc7+ 55. Kxc7 f4 0-1

[Event "Jerusalem Summer"]
[Site "Jerusalem"]
[Date "2023.08.26"]
[Round "4"]
[White "Zeltsan, Joseph"]
[Black "Haimovich, Tal"]
[Result "1-0"]
[WhiteElo "2427"]
[BlackElo "2359"]
[PlyCount "141"]
[EventDate "2023.08.23"]
[EventType "tourn"]
[EventRounds "9"]
[EventCountry "ISR"]
[EventCategory "7"]
[SourceTitle "EXT 2024"]
[Source "ChessBase"]
[SourceDate "2023.10.10"]
[SourceVersion "1"]
[SourceVersionDate "2023.10.10"]
[SourceQuality "1"]

1. e4 e6 2. d4 d5 3. Nc3 Bb4 4. e5 c5 5. a3 Bxc3+ 6. bxc3 Nc6 7. a4 Qa5 8. Bd2 Qc7 9. Nf3 Nge7 10. h4 Bd7 11. h5 h6 12. Bd3 0-0-0 13. 0-0 c4 14. Be2 f6 15. Bf4 f5 16. Nh4 Rdg8 17. g3 Be8 18. Kg2 Qa5 19. Qe1 Nd8 20. Rh1 Nf7 21. Qd2 Qd8 22. a5 Qc7 23. Kg1 Nd8 24. Be3 Ndc6 25. a6 b6 26. Ng2 Bd7 27. Nf4 Nd8 28. Qe1 Nf7 29. Bc1 Re8 30. Ba3 Rhg8 31. Qd2 Nc6 32. Ng6 Qd8 33. Kg2 Kb8 34. f3 Bc8 35. Bc1 Ka8 36. Kf2 Nb8 37. Qf4 Nh8 38. Nh4 Nxa6 39. g4 fxg4 40. Qxg4 Nb8 41. f4 Nc6 42. Ba3 Qd7 43. Ke3 Ne7 44. Ng6 Nhxg6 45. hxg6 Nf5+ 46. Kd2 Qc6 47. Qg2 Bd7 48. Bf3 Kb7 49. Rh5 Qc8 50. Rxf5 exf5 51. Bd6 Bc6 52. Bxd5 a6 53. Ra4 b5 54. Bxc6+ Qxc6 55. Qxc6+ Kxc6 56. Rxa6+ Kb7 57. Ra5 Kb6 58. Ra3 Ra8 59. Rxa8 Rxa8 60. d5 Rd8 61. Ke3 Kb7 62. Kd4 Re8 63. e6 h5 64. Be5 h4 65. Ke3 Kc8 66. Kf3 Re7 67. Kg2 Rb7 68. d6 Rb6 69. Kh3 Kd8 70. Kxh4 Ra6 71. Bf6+ 1-0

[Event "Jerusalem Summer"]
[Site "Jerusalem"]
[Date "2023.08.24"]
[Round "2"]
[White "Tzidkiya, Yeshaayahu"]
[Black "Zeltsan, Joseph"]
[Result "1-0"]
[WhiteElo "2445"]
[BlackElo "2427"]
[PlyCount "65"]
[EventDate "2023.08.23"]
[EventType "tourn"]
[EventRounds "9"]
[EventCountry "ISR"]
[EventCategory "7"]
[SourceTitle "EXT 2024"]
[Source "ChessBase"]
[SourceDate "2023.10.10"]
[SourceVersion "1"]
[SourceVersionDate "2023.10.10"]
[SourceQuality "1"]

1. e4 c5 2. Nf3 e6 3. d4 cxd4 4. Nxd4 Nc6 5. Nc3 Nf6 6. Bf4 Bb4 7. Ndb5 Nxe4 8. Qf3 d5 9. Nc7+ Kf8 10. 0-0-0 Bxc3 11. bxc3 e5 12. Nxd5 f5 13. Bg3 Be6 14. Bc4 Qa5 15. Rhe1 Ng5 16. Qe3 Nf7 17. Bb3 Rd8 18. c4 g5 19. f4 Bxd5 20. cxd5 gxf4 21. Qf3 Qa3+ 22. Kb1 Na5 23. Bh4 Rd6 24. Qc3 Nxb3 25. cxb3 Ra6 26. Rd2 Qd6 27. Bf2 Kg7 28. Bc5 Qf6 29. Qb4 Nd6 30. Rxe5 Qxe5 31. Bd4 Re8 32. Re2 Rb6 33. Bxe5+ 1-0

[Event "Titled Tuesday intern op 04th Jul Late"]
[Site "Chess.com INT"]
[Date "2023.07.04"]
[Round "5"]
[White "Karttunen, Mika"]
[Black "Zeltsan, Joseph"]
[Result "1/2-1/2"]
[WhiteElo "2490"]
[BlackElo "2427"]
[PlyCount "150"]
[EventDate "2023.07.04"]
[EventType "swiss (blitz)"]
[EventRounds "11"]
[EventCountry "USA"]
[SourceTitle "EXT 2024"]
[Source "ChessBase"]
[SourceDate "2023.10.10"]
[SourceVersion "1"]
[SourceVersionDate "2023.10.10"]
[SourceQuality "1"]

1. e4 c5 2. Nf3 d6 3. d4 cxd4 4. Nxd4 Nf6 5. Nc3 a6 6. f3 e5 7. Nb3 Be6 8. Be3 Be7 9. Qd2 Nbd7 10. 0-0-0 0-0 11. g4 b5 12. g5 b4 13. Ne2 Ne8 14. f4 a5 15. f5 a4 16. fxe6 axb3 17. Kb1 fxe6 18. cxb3 Rxa2 19. Nc1 Ra5 20. Bh3 Nc7 21. Rhf1 Qa8 22. Rxf8+ Bxf8 23. Bg2 Ra1+ 24. Kc2 Qc6+ 25. Kd3 Qb5+ 26. Kc2 Qc6+ 27. Kd3 Nc5+ 28. Bxc5 Qxc5 29. Ke2 Nb5 30. Nd3 Nd4+ 31. Kf1 Nxb3 32. Nxc5 Nxd2+ 33. Ke2 Rxd1 34. Kxd1 Nc4 35. Bh3 Nxb2+ 36. Kc2 dxc5 37. Bxe6+ Kh8 38. Kxb2 g6 39. Kb3 Be7 40. Kc4 Kg7 41. Kb5 Bxg5 42. Kxc5 Be7+ 43. Kc4 Kf6 44. Bg8 h5 45. Kd3 Kg5 46. Ke3 Bc5+ 47. Kf3 Kf6 48. Bd5 Bf8 49. h3 g5 50. Bb3 Ke7 51. Bc4 Kd6 52. Bf7 Kc5 53. Ke2 Kd4 54. Kf3 Kc3 55. Bxh5 b3 56. Bf7 b2 57. Ba2 Kd4 58. Kg4 Be7 59. Kf5 Bd8 60. Bb1 Kc3 61. Kxe5 Kd2 62. Kf5 Kc1 63. Ba2 b1Q 64. Bxb1 Kxb1 65. Ke6 Kc2 66. Kd7 Bf6 67. Ke6 Bd8 68. Kd7 Kd3 69. e5 Ke4 70. e6 Bf6 71. e7 Bxe7 72. Kxe7 Kf5 73. Kf7 Kf4 74. Kg6 Kg3 75. Kxg5 Kxh3 1/2-1/2

[Event "Titled Tuesday intern op 04th Jul Late"]
[Site "Chess.com INT"]
[Date "2023.07.04"]
[Round "3"]
[White "Zeltsan, Joseph"]
[Black "Cooper, Aaron"]
[Result "1-0"]
[WhiteElo "2427"]
[BlackElo "1904"]
[PlyCount "127"]
[EventDate "2023.07.04"]
[EventType "swiss (blitz)"]
[EventRounds "11"]
[EventCountry "USA"]
[SourceTitle "EXT 2024"]
[Source "ChessBase"]
[SourceDate "2023.10.10"]
[SourceVersion "1"]
[SourceVersionDate "2023.10.10"]
[SourceQuality "1"]

1. d4 Nf6 2. c4 e6 3. Nf3 d5 4. Nc3 Be7 5. Bg5 c6 6. e3 Nbd7 7. Qc2 0-0 8. Bd3 dxc4 9. Bxc4 b5 10. Bd3 Bb7 11. 0-0 b4 12. Na4 c5 13. Bxf6 Nxf6 14. Nxc5 Bxf3 15. gxf3 Rc8 16. Rac1 Qd5 17. Be4 Qg5+ 18. Kh1 Nxe4 19. Qxe4 Bxc5 20. Rg1 Qh5 21. dxc5 Rxc5 22. Rxg7+ Kxg7 23. Qd4+ e5 24. Qxc5 Qxf3+ 25. Kg1 Rg8 26. Kf1 Kh6 27. Qc6+ Qxc6 28. Rxc6+ Rg6 29. Rc7 Ra6 30. a3 bxa3 31. bxa3 Rxa3 32. Rxf7 Kg6 33. Re7 Ra5 34. Kg2 h5 35. Kf3 Kf6 36. Rh7 Kg6 37. Rb7 Ra4 38. Re7 Kf6 39. Rh7 Kg6 40. Rc7 Kf5 41. Rf7+ Kg6 42. Rf8 a5 43. Re8 Kf5 44. e4+ Kf6 45. Rf8+ Ke6 46. Rh8 Ra3+ 47. Kg2 Ra4 48. f3 Ra2+ 49. Kg3 a4 50. Rxh5 a3 51. Rh6+ Kf7 52. Ra6 Ke7 53. h4 Kf7 54. Kg4 Rg2+ 55. Kf5 a2 56. Ra7+ Kg8 57. Kxe5 Rh2 58. f4 Rxh4 59. Rxa2 Rh5+ 60. f5 Kf8 61. Ke6 Rh6+ 62. f6 Kg8 63. e5 Kh8 64. Ke7 1-0

[Event "New York Fischer GM"]
[Site "New York"]
[Date "2022.09.04"]
[Round "7"]
[White "Korley, Kassa"]
[Black "Zeltsan, Joseph"]
[Result "1/2-1/2"]
[WhiteElo "2460"]
[BlackElo "2432"]
[PlyCount "92"]
[EventDate "2022.09.01"]
[EventType "tourn"]
[EventRounds "9"]
[EventCountry "USA"]
[EventCategory "6"]
[SourceTitle "CBM 210 Extra"]
[Source "ChessBase"]
[SourceDate "2022.11.30"]
[SourceVersion "1"]
[SourceVersionDate "2022.11.30"]
[SourceQuality "1"]

1. Nf3 d5 2. g3 g6 3. Bg2 Bg7 4. d4 Nf6 5. 0-0 0-0 6. c4 c6 7. Qb3 a5 8. cxd5 a4 9. Qd1 cxd5 10. Nc3 a3 11. bxa3 Nc6 12. Rb1 Ra7 13. Rb5 e6 14. Qc2 Bd7 15. a4 Qa8 16. Ba3 Rc8 17. Bc5 Ra6 18. Rfb1 Na5 19. R5b4 Be8 20. Ne5 Nc6 21. Nxc6 Bxc6 22. Qb3 Ne4 23. Nxe4 dxe4 24. e3 Bf8 25. Bxf8 Kxf8 26. h4 h5 27. Rc4 Bd5 28. Qb4+ Kg7 29. Rxc8 Qxc8 30. Bf1 Ra8 31. a3 Qc7 32. Kg2 Rc8 33. Qb2 Qc3 34. Qxc3 Rxc3 35. Ra1 Bc4 36. a5 Ba6 37. Bxa6 bxa6 38. a4 Rc4 39. Ra2 Kf6 40. Ra1 Kf5 41. Rd1 Rxa4 42. d5 exd5 43. Rxd5+ Ke6 44. Rc5 Kd6 45. Rg5 Rb4 46. g4 hxg4 1/2-1/2

[Event "New York Fischer GM"]
[Site "New York"]
[Date "2022.09.02"]
[Round "2"]
[White "Kantor, Gergely"]
[Black "Zeltsan, Joseph"]
[Result "1/2-1/2"]
[WhiteElo "2556"]
[BlackElo "2432"]
[PlyCount "63"]
[EventDate "2022.09.01"]
[EventType "tourn"]
[EventRounds "9"]
[EventCountry "USA"]
[EventCategory "6"]
[SourceTitle "CBM 210 Extra"]
[Source "ChessBase"]
[SourceDate "2022.11.30"]
[SourceVersion "1"]
[SourceVersionDate "2022.11.30"]
[SourceQuality "1"]

1. d4 Nf6 2. c4 e6 3. Bf4 d5 4. cxd5 exd5 5. e3 Be7 6. Nc3 0-0 7. Bd3 Re8 8. Nge2 c6 9. Qc2 g6 10. h3 Nh5 11. Bh6 Ng7 12. g4 a5 13. Bf4 Na6 14. a3 Ne6 15. Bg3 Bh4 16. Rg1 Ng5 17. Bxh4 Nf3+ 18. Kf1 Nxh4 19. Rg3 Nc7 20. Nf4 Qd6 21. Ng2 Nxg2 22. Kxg2 b6 23. Na4 Rb8 24. Rc1 Bd7 25. h4 Ne6 26. h5 c5 27. hxg6 hxg6 28. dxc5 bxc5 29. Nxc5 Rec8 30. b4 axb4 31. axb4 Rxb4 32. Qd2 1/2-1/2

[Event "New York Fischer GM"]
[Site "New York"]
[Date "2022.09.01"]
[Round "1"]
[White "Zeltsan, Joseph"]
[Black "Sethuraman, Sandeep"]
[Result "0-1"]
[WhiteElo "2432"]
[BlackElo "2336"]
[PlyCount "62"]
[EventDate "2022.09.01"]
[EventType "tourn"]
[EventRounds "9"]
[EventCountry "USA"]
[EventCategory "6"]
[SourceTitle "CBM 210 Extra"]
[Source "ChessBase"]
[SourceDate "2022.11.30"]
[SourceVersion "1"]
[SourceVersionDate "2022.11.30"]
[SourceQuality "1"]

1. d4 Nf6 2. Nf3 d5 3. c4 e6 4. Nc3 dxc4 5. e4 b5 6. e5 Nfd7 7. Nxb5 Nb6 8. Be2 Nc6 9. 0-0 Be7 10. Be3 0-0 11. a3 a5 12. Qc2 Ba6 13. Nc3 Rb8 14. Ne4 Qd5 15. Nfg5 g6 16. Rfd1 a4 17. Nc5 Bb5 18. Nge4 Na5 19. Bg5 Bxg5 20. Nxg5 Nb3 21. Nxb3 axb3 22. Qc3 Kg7 23. Rd2 Na4 24. Qh3 h6 25. Bf3 Qd8 26. Ne4 Bc6 27. Rc1 Bxe4 28. Bxe4 Qg5 29. Rcd1 c3 30. bxc3 b2 31. Qd3 b1Q 0-1

[Event "New York Summer GM-B"]
[Site "New York"]
[Date "2022.07.10"]
[Round "7"]
[White "Tiglon, Bryce"]
[Black "Zeltsan, Joseph"]
[Result "1/2-1/2"]
[WhiteElo "2391"]
[BlackElo "2337"]
[PlyCount "81"]
[EventDate "2022.07.07"]
[EventType "tourn"]
[EventRounds "9"]
[EventCountry "USA"]
[EventCategory "6"]
[SourceTitle "CBM 209 Extra"]
[Source "ChessBase"]
[SourceDate "2022.09.30"]
[SourceVersion "1"]
[SourceVersionDate "2022.09.30"]
[SourceQuality "1"]

1. e4 c5 2. Nf3 d6 3. Bb5+ Nd7 4. d4 cxd4 5. Qxd4 a6 6. Bxd7+ Bxd7 7. c4 b5 8. Nc3 e5 9. Qd3 bxc4 10. Qxc4 Be6 11. Qc6+ Bd7 12. Qc4 Be6 13. Qd3 h6 14. 0-0 Nf6 15. Rd1 Be7 16. Ne1 0-0 17. Nc2 Qd7 18. Ne3 Rfc8 19. h3 Qb7 20. b3 a5 21. Ba3 Ra6 22. Rac1 Kh8 23. Ncd5 Nxd5 24. Rxc8+ Bxc8 25. Nxd5 Bf8 26. Rc1 Rc6 27. Qd2 Rxc1+ 28. Bxc1 Qb5 29. Bb2 Bb7 30. f3 a4 31. bxa4 Qxa4 32. Bc3 Qc4 33. Ne3 Qc6 34. Kh1 Kh7 35. Nd5 Qc4 36. Ne3 Qc6 37. Bb4 Be7 38. Nf5 Bg5 39. Qe1 d5 40. exd5 Qxd5 41. Nd6 1/2-1/2

[Event "New York Summer GM-B"]
[Site "New York"]
[Date "2022.07.08"]
[Round "3"]
[White "Lenderman, Aleksandr"]
[Black "Zeltsan, Joseph"]
[Result "1/2-1/2"]
[WhiteElo "2572"]
[BlackElo "2337"]
[PlyCount "59"]
[EventDate "2022.07.07"]
[EventType "tourn"]
[EventRounds "9"]
[EventCountry "USA"]
[EventCategory "6"]
[SourceTitle "CBM 209 Extra"]
[Source "ChessBase"]
[SourceDate "2022.09.30"]
[SourceVersion "1"]
[SourceVersionDate "2022.09.30"]
[SourceQuality "1"]

1. e4 e5 2. Nf3 Nf6 3. d3 Nc6 4. g3 Bc5 5. Bg2 0-0 6. 0-0 d5 7. exd5 Nxd5 8. a3 a5 9. Nc3 Nf6 10. Re1 h6 11. Be3 Bd4 12. h3 a4 13. Bd2 Re8 14. Nxd4 exd4 15. Rxe8+ Qxe8 16. Ne2 Ra6 17. Nf4 Rb6 18. Rb1 Rb5 19. c3 Rb3 20. cxd4 Nxd4 21. Bc3 Qd8 22. Ne2 Nxe2+ 23. Qxe2 Be6 24. Re1 c6 25. Qe5 Rb5 26. Qf4 Nd5 27. Qxa4 Nxc3 28. bxc3 Qf6 29. Qc2 Rb3 30. d4 1/2-1/2

[Event "New York Winter IM-C"]
[Site "New York"]
[Date "2022.01.15"]
[Round "5"]
[White "Zeltsan, Joseph"]
[Black "Rahul, Srivatshav P"]
[Result "0-1"]
[WhiteElo "2325"]
[BlackElo "2466"]
[PlyCount "74"]
[EventDate "2022.01.13"]
[EventType "tourn"]
[EventRounds "9"]
[EventCountry "USA"]
[EventCategory "2"]
[SourceTitle "CBM 206 Extra"]
[Source "ChessBase"]
[SourceDate "2022.03.31"]
[SourceVersion "1"]
[SourceVersionDate "2022.03.31"]
[SourceQuality "1"]

1. e4 c5 2. Nf3 e6 3. d4 cxd4 4. Nxd4 Nc6 5. Nc3 Qc7 6. Be3 a6 7. Qf3 Nf6 8. 0-0-0 Ne5 9. Qg3 b5 10. f4 Neg4 11. Bg1 b4 12. Na4 h5 13. e5 Nd5 14. b3 g6 15. Kb1 Bb7 16. Bc4 Rc8 17. h3 Nh6 18. Qf2 Nc3+ 19. Nxc3 bxc3 20. Qe2 Qa5 21. Be3 Nf5 22. Nxf5 gxf5 23. Ka1 Be4 24. Bxa6 Rb8 25. Rd4 Bc6 26. Bd3 Ra8 27. a4 Bb4 28. Kb1 Bxa4 29. bxa4 Qxa4 30. Ba6 Rxa6 31. Qxa6 Qxa6 32. Rxb4 0-0 33. Bd4 Ra8 34. Bxc3 Qa2+ 35. Kc1 Rc8 36. Bb2 Qd5 37. Kb1 Rxc2 0-1